Средневековый город в Западной Европе в XI-XV веках (Запись № 7907384)

Подробности
000 -МАРКЕР
контрольное поле 01595nam1a22002891 4500
001 - ИДЕНТИФИКАТОР ЗАПИСИ
контрольное поле rc\3717391
005 - ИДЕНТИФИКАТОР ВЕРСИИ
контрольное поле 20210113220701.0
035 ## - ДРУГИЕ СИСТЕМНЫЕ НОМЕРА
Идентификатор записи (NLR Aleph) 007879240
100 ## - ДАННЫЕ ОБЩЕЙ ОБРАБОТКИ
Данные общей обработки 20130115g1969 |||y0rusy50 ca
101 0# - ЯЗЫК РЕСУРСА
Язык текста, звукозаписи и т.д. русский
102 ## - СТРАНА ПУБЛИКАЦИИ ИЛИ ПРОИЗВОДСТВА
Страна публикации Российская Федерация
105 ## - ПОЛЕ КОДИРОВАННЫХ ДАННЫХ: ТЕКСТОВЫЕ МАТЕРИАЛЫ, МОНОГРАФИЧЕСКИЕ
Кодированные данные о монографическом текстовом документе y z |||||
200 1# - ЗАГЛАВИЕ И СВЕДЕНИЯ ОБ ОТВЕТСТВЕННОСТИ
Основное заглавие Средневековый город в Западной Европе в XI-XV веках
Сведения, относящиеся к заглавию Учеб.-метод. пособие для студентов-заочников II курса ист. фак. гос. ун-тов
-- Вып. 1-
Первые сведения об ответственности М-во высш. и сред. спец. образования СССР. Науч.-метод. кабинет по заоч. и вечернему обучению Моск. гос. ун-та им. М.В. Ломоносова
210 ## - ПУБЛИКАЦИЯ, РАСПРОСТРАНЕНИЕ И ДР.
Место издания, распространения и т.д. Москва
Имя издателя, распространителя и т. д. Изд-во Моск. ун-та
Дата издания, распространения и т.д. 1969-
215 ## - ФИЗИЧЕСКАЯ ХАРАКТЕРИСТИКА
Размеры 21
532 11 - РАСШИРЕННОЕ ЗАГЛАВИЕ
Заглавие Средневековый город в Западной Европе в одиннадцатом -XV веках
606 ## - НАИМЕНОВАНИЕ ТЕМЫ КАК ПРЕДМЕТ
Наименование темы Города средневековые
Географический подзаголовок Западная Европа
Формальный подзаголовок Пособия для заочников
Код системы psbo
700 #1 - ИМЯ ЛИЦА - ПЕРВИЧНАЯ ОТВЕТСТВЕННОСТЬ
Связь между полями z01790
Начальный элемент ввода Стоклицкая-Терешкович
Часть имени, кроме начального элемента ввода В. В.
Даты 1885-1962
Расширение инициалов личного имени Вера Вениаминовна
701 #1 - ИМЯ ЛИЦА - АЛЬТЕРНАТИВНАЯ ОТВЕТСТВЕННОСТЬ
Начальный элемент ввода Плешкова
Часть имени, кроме начального элемента ввода С. Л.
Даты 1936-2007
Расширение инициалов личного имени Софья Леонидовна
Идентификатор авторитетной/нормативной записи RU\NLR\AUTH\770225255
790 #1 - ИМЯ ЛИЦА - АЛЬТЕРНАТИВНАЯ ФОРМА
Связь между полями z01700
Начальный элемент ввода Терешкович
Часть имени, кроме начального элемента ввода В. В.
Даты 1885-1962
Расширение инициалов личного имени Вера Вениаминовна
801 #0 - ИСТОЧНИК ЗАПИСИ
Страна Российская Федерация
Организация NLR
Правила каталогизации psbo
801 #1 - ИСТОЧНИК ЗАПИСИ
Страна Российская Федерация
Организация ELAR
Источник данных rusmarc
852 ## - МЕСТОНАХОЖДЕНИЕ И ШИФР ХРАНЕНИЯ
Идентификатор организации NLR
Шифр хранения (Call Number) 69-6/6379
942 ## - ДОПОЛНИТЕЛЬНЫЕ ЭЛЕМЕНТЫ ЗАПИСИ (АБИС)
Тип экземпляра АБИС Книга
980 ## - КОЛЛЕКЦИЯ
Название коллекции Национальная библиография

Нет доступных экземпляров.